[Event "Manhem Elo 2012"]
[Site "?"]
[Date "2012.08.11"]
[Round "1"]
[White "Gromark, Per-Olof"]
[Black "Björkeroth, Johan"]
[Result "0-1"]
[WhiteElo "1955"]
[BlackElo "2001"]
[PlyCount "60"]
[EventDate "2012.08.11"]
[SourceDate "2012.08.11"]

1. d4 Nf6 2. c4 e6 3. Nc3 Bb4 4. Qc2 O-O 5. a3 Bxc3+ 6. Qxc3 b6 7. Bg5 Bb7 8.
Nf3 d6 9. e3 Nbd7 10. Bd3 Qe8 11. O-O Ne4 12. Qc2 f5 13. Bh4 Qh5 14. Bg3 Nxg3
15. fxg3 Nf6 16. d5 Ng4 17. Rfe1 e5 18. e4 f4 19. gxf4 Rxf4 20. h3 Nf6 21. Nh2
Qg5 22. Be2 Nxe4 23. Bg4 Ng3 24. Qd3 Nh5 25. Nf3 Qh6 26. Be6+ Kh8 27. g4 Ng3
28. Kg2 e4 29. g5 exf3+ 30. Kxg3 Qh4+ 0-1

[Event "Manhem Elo 2012"]
[Site "?"]
[Date "2012.08.11"]
[Round "1"]
[White "Fransson, Lennart"]
[Black "Persson, Börje"]
[Result "1-0"]
[WhiteElo "2099"]
[BlackElo "1946"]
[PlyCount "71"]
[EventDate "2012.08.11"]
[SourceDate "2012.08.11"]

1. c4 e6 2. g3 d5 3. Bg2 c5 4. Nf3 Nc6 5. O-O Nf6 6. cxd5 exd5 7. d4 cxd4 8.
Nxd4 Be7 9. Nc3 O-O 10. b3 Re8 11. Bb2 Bf8 12. h3 h6 13. Rc1 Be6 14. Nxe6 fxe6
15. Nb5 Rc8 16. Qd3 a6 17. Nd4 Nb4 18. Rxc8 Qxc8 19. Qg6 Qd7 20. a3 e5 21. Nf5
Nc6 22. Nxh6+ Kh8 23. Nf7+ Kg8 24. Ng5 Nd4 25. e3 Nxb3 26. f4 Bc5 27. Bxe5
Bxe3+ 28. Kh2 Bd4 29. Qd3 Bxe5 30. fxe5 Rxe5 31. Nf3 Rh5 32. Qxb3 Ng4+ 33. Kg1
Nf6 34. g4 Nxg4 35. hxg4 Qxg4 36. Qe3 1-0

[Event "Manhem Elo 2012"]
[Site "?"]
[Date "2012.08.11"]
[Round "1"]
[White "Wahlström, Lennart"]
[Black "Ljunggren, Jacob"]
[Result "1-0"]
[WhiteElo "2138"]
[BlackElo "1973"]
[PlyCount "61"]
[EventDate "2012.08.11"]
[SourceDate "2012.08.11"]

1. e4 e5 2. Nf3 Nc6 3. Nc3 Nf6 4. d4 exd4 5. Nxd4 Bb4 6. Nxc6 bxc6 7. Bd3 h6 8.
O-O d6 9. h3 O-O 10. Ne2 Re8 11. Ng3 d5 12. exd5 cxd5 13. Qf3 c6 14. Bf4 Be6
15. Rad1 Bd6 16. Bd2 Be5 17. b3 a5 18. Rfe1 Bd6 19. a4 Rc8 20. Nf5 Bf8 21. Bc3
Bxf5 22. Qxf5 Rxe1+ 23. Rxe1 Ne4 24. Bxe4 dxe4 25. Bxa5 Qd5 26. Qxc8 Qxa5 27.
Rxe4 Qd5 28. Re8 Qd1+ 29. Kh2 Qd6+ 30. g3 Qf6 31. Rxf8+ 1-0

[Event "Manhem GM 2012"]
[Site "www.ssmanhem.se"]
[Date "2012.08.11"]
[Round "1"]
[White "Welin, Mats"]
[Black "Frisk Kockum, Anton"]
[Result "0-1"]
[WhiteElo "2270"]
[BlackElo "2329"]
[PlyCount "120"]
[EventDate "2012.??.??"]

1. c4 c5 2. g3 g6 3. Bg2 Bg7 4. Nc3 Nc6 5. Nf3 Nh6 6. h4 d6 7. d3 Bg4 8. Nd5 f6
9. Bd2 Nf7 10. Rb1 O-O 11. b4 cxb4 12. Nxb4 e5 13. Bc3 Qd7 14. Qa4 Rac8 15. Nd2
Nxb4 16. Rxb4 b6 17. Qb3 Be6 18. a4 f5 19. a5 bxa5 20. Rb7 Rc7 21. Rb5 a4 22.
Qxa4 d5 23. O-O dxc4 24. Nxc4 Rfc8 25. Qa6 Bxc4 26. dxc4 Rxc4 27. Rb7 R4c7 28.
Ba5 Rxb7 29. Bxb7 Rc5 30. Rb1 Qa4 31. Bb4 Qxa6 32. Bxa6 Rc6 33. Ra1 e4 34. Ra4
Bf8 35. Bd2 Bh6 36. Bb4 Bf8 37. Bd2 Bc5 38. Bc4 Kf8 39. Kg2 Rc7 40. Bf4 Bd6 41.
Be3 a5 42. Bb6 Rb7 43. Bxa5 Ne5 44. Bc3 Nxc4 45. Rxc4 Rc7 46. Rxc7 Bxc7 47. f3
Kf7 48. Bd2 Ke6 49. Bh6 Kd5 50. Kf2 Bd8 51. Bf4 h5 52. Bh6 Bb6+ 53. Kg2 Kd4 54.
Kf2 Kc3+ 55. Be3 Bd4 56. fxe4 fxe4 57. Bxd4+ Kxd4 58. Kg2 Kc3 59. Kg1 e3 60.
Kg2 Kc2 0-1

[Event "Manhem GM 2012"]
[Site "www.ssmanhem.se"]
[Date "2012.08.11"]
[Round "1"]
[White "Henrichs, Thomas"]
[Black "Tikkanen, Hans"]
[Result "1/2-1/2"]
[WhiteElo "2493"]
[BlackElo "2570"]
[PlyCount "81"]
[EventDate "2012.??.??"]

1. d4 d5 2. c4 c6 3. Nf3 Nf6 4. Nc3 dxc4 5. a4 Bf5 6. Ne5 e6 7. f3 Bb4 8. Bg5
h6 9. Bh4 c5 10. dxc5 Qxd1+ 11. Kxd1 Nbd7 12. Nxd7 Nxd7 13. e4 Bg6 14. Nb5 O-O
15. Bxc4 Rfc8 16. Ke2 Nxc5 17. Rhc1 Rc6 18. Nd4 Rd6 19. Nc2 Bd2 20. Rd1 Bf4 21.
Rxd6 Bxd6 22. b4 Na6 23. Rd1 Nxb4 24. Rxd6 Nxc2 25. Rd7 Rc8 26. Bd3 Nb4 27.
Rxb7 Nxd3 28. Kxd3 a6 29. Rb6 Ra8 30. a5 f6 31. Rxe6 Be8 32. Ke3 Bb5 33. Rd6
Rc8 34. Be1 Rc1 35. Bd2 Rg1 36. Kf2 Rf1+ 37. Kg3 Rd1 38. Kf4 Kf7 39. g4 Rf1 40.
Ke3 Rh1 41. Bc3 1/2-1/2

[Event "Manhem GM 2012"]
[Site "www.ssmanhem.se"]
[Date "2012.08.11"]
[Round "1"]
[White "Berg, Emanuel"]
[Black "Rozentalis, Eduardas"]
[Result "1/2-1/2"]
[WhiteElo "2576"]
[BlackElo "2585"]
[PlyCount "78"]
[EventDate "2012.??.??"]

1. e4 e5 2. Nf3 Nf6 3. Nxe5 d6 4. Nf3 Nxe4 5. d4 Be7 6. Bd3 Ng5 7. Bxg5 Bxg5 8.
Qe2+ Be7 9. O-O O-O 10. Re1 Bf6 11. Qe4 g6 12. Qf4 Nc6 13. c3 Bg7 14. Nbd2 Qf6
15. Qg3 Bf5 16. Ne4 Bxe4 17. Rxe4 Rae8 18. Rae1 Re7 19. Rxe7 Nxe7 20. Qg4 Nd5
21. Be4 Qf4 22. Qh3 Nf6 23. Bxb7 Rb8 24. b4 d5 25. Bc6 Ne4 26. Bxd5 Nxc3 27.
Bb3 Nb5 28. Qd7 Nxd4 29. Re8+ Rxe8 30. Qxe8+ Bf8 31. Qxf7+ Qxf7 32. Bxf7+ Kxf7
33. Nxd4 Bxb4 34. Nb5 Ke6 35. Nxc7+ Kd6 36. Nb5+ Kc5 37. Nc7 Kd6 38. Nb5+ Kc5
39. Nc7 Kd6 1/2-1/2

[Event "Manhem GM 2012"]
[Site "www.ssmanhem.se"]
[Date "2012.08.11"]
[Round "1"]
[White "Nithander, Victor"]
[Black "Nybäck, Tomi"]
[Result "1-0"]
[WhiteElo "2438"]
[BlackElo "2638"]
[PlyCount "85"]
[EventDate "2012.??.??"]

1. e4 e5 2. Nf3 Nc6 3. Bb5 a6 4. Ba4 Nf6 5. O-O Be7 6. Re1 b5 7. Bb3 d6 8. c3
O-O 9. h3 Na5 10. Bc2 d5 11. d4 dxe4 12. Nxe5 c5 13. Be3 Bb7 14. Nd2 Qc7 15.
Qb1 cxd4 16. Bxd4 Bd6 17. Ng4 Nxg4 18. hxg4 Bh2+ 19. Kh1 Bf4 20. Nxe4 Rfe8 21.
Qd1 Qc6 22. g3 Bc7 23. Kg1 Nc4 24. f3 Qh6 25. Kg2 Nxb2 26. Qe2 Nc4 27. g5 Qc6
28. Rh1 Qg6 29. Rae1 f5 30. gxf6 Bxe4 31. Bxe4 Qxg3+ 32. Kf1 Rxe4 33. fxe4 Qf4+
34. Kg1 Qg3+ 35. Kf1 Rf8 36. Qf2 Qd3+ 37. Kg2 Ne5 38. Rh3 Qc4 39. Qh4 Rxf6 40.
Qxh7+ Kf7 41. Qh5+ Rg6+ 42. Rg3 Qxa2+ 43. Re2 1-0

[Event "Manhem Elo 2012"]
[Site "?"]
[Date "2012.08.12"]
[Round "2"]
[White "Berggren Torell, Harald"]
[Black "Wahlström, Lennart"]
[Result "1/2-1/2"]
[WhiteElo "2039"]
[BlackElo "2138"]
[PlyCount "47"]
[EventDate "2012.08.11"]
[SourceDate "2012.08.11"]

1. e4 e5 2. Nf3 Nc6 3. Bb5 a6 4. Ba4 Nf6 5. O-O Be7 6. Qe2 b5 7. Bb3 d6 8. c3
O-O 9. Rd1 Na5 10. Bc2 c5 11. d4 Qc7 12. d5 Ne8 13. b3 g6 14. Bh6 Ng7 15. Nbd2
f5 16. Nf1 f4 17. b4 Nb7 18. a4 Bd7 19. Ra2 cxb4 20. cxb4 a5 21. axb5 axb4 22.
Rda1 Rxa2 23. Rxa2 Qc5 24. Bd3 1/2-1/2

[Event "Manhem Elo 2012"]
[Site "?"]
[Date "2012.08.12"]
[Round "2"]
[White "Ljunggren, Jacob"]
[Black "Björkdahl, Daniel"]
[Result "1-0"]
[WhiteElo "1973"]
[BlackElo "1929"]
[PlyCount "105"]
[EventDate "2012.08.11"]
[SourceDate "2012.08.11"]

1. e4 c5 2. Nf3 d6 3. d4 cxd4 4. Nxd4 Nf6 5. Nc3 g6 6. Be3 Bg7 7. f3 O-O 8. Qd2
Nc6 9. Bc4 Bd7 10. O-O-O Rc8 11. Bb3 Ne5 12. h4 h5 13. Bg5 Rc5 14. g4 hxg4 15.
h5 Nxh5 16. Nd5 Rxd5 17. Bxd5 Nxf3 18. Nxf3 gxf3 19. Bh6 Bf6 20. Rxh5 gxh5 21.
e5 dxe5 22. Bxf3 Qb6 23. Be3 Qa6 24. Qxd7 Qxa2 25. Rg1+ Bg7 26. Qxe7 e4 27. Bd4
Qa1+ 28. Kd2 Qxg1 29. Bxg1 exf3 30. Qg5 Re8 31. Be3 Re6 32. Qxh5 Rf6 33. Ke1
Kf8 34. Kf2 b6 35. Bg5 Rg6 36. Qg4 Bf6 37. Qc8+ Kg7 38. Bxf6+ Rxf6 39. Qa6 Kg6
40. Qxa7 Kg5 41. Qe7 Kg6 42. Qe4+ Kg7 43. c4 Re6 44. Qg4+ Rg6 45. Qd4+ Rf6 46.
b4 Kg6 47. Qg4+ Kh6 48. c5 bxc5 49. bxc5 Rc6 50. Qf4+ Kg7 51. Qg5+ Kf8 52. Qd8+
Kg7 53. Qd5 1-0

[Event "Manhem Elo 2012"]
[Site "?"]
[Date "2012.08.12"]
[Round "2"]
[White "Björkeroth, Johan"]
[Black "Fransson, Lennart"]
[Result "0-1"]
[WhiteElo "2001"]
[BlackElo "2099"]
[PlyCount "124"]
[EventDate "2012.08.11"]
[SourceDate "2012.08.11"]

1. e4 c6 2. Nf3 d5 3. exd5 Qxd5 4. d4 Bg4 5. Be2 Nd7 6. c4 Qd6 7. O-O g6 8. Qb3
Qc7 9. Nc3 Bg7 10. Be3 h5 11. Ne4 Nh6 12. Rad1 Bf5 13. Ng3 Bg4 14. Ne4 Nf6 15.
Neg5 Nf5 16. d5 O-O 17. h3 Bxf3 18. Nxf3 Nxe3 19. Qxe3 Rfd8 20. Qb3 Ne4 21.
Rfe1 cxd5 22. cxd5 Qc5 23. Rf1 Ng3 24. Rfe1 Rac8 25. Qb5 Nxe2+ 26. Qxe2 Rxd5
27. Rxd5 Qxd5 28. Qxe7 Bxb2 29. a4 Kg7 30. Rb1 Rc2 31. Qb4 a5 32. Qb6 Ba3 33.
Qxb7 Rc1+ 34. Kh2 Bd6+ 35. g3 Qxb7 36. Rxb7 Rc2 37. Kg1 Bc5 38. Rb5 Bxf2+ 39.
Kh1 Rc5 40. Rxc5 Bxc5 41. Ne5 Bd6 42. Nc4 Bc7 43. Kg2 Kf6 44. Kf3 Ke6 45. Ke4
f5+ 46. Kd4 g5 47. Kd3 Bxg3 48. Nxa5 Bf2 49. Ke2 Bg1 50. Nc6 Kd5 51. Ne7+ Ke4
52. Nc6 g4 53. hxg4 fxg4 54. Kf1 Bc5 55. a5 Kd5 56. Nd8 h4 57. Nf7 h3 58. Ng5
Ke5 59. a6 Ba7 60. Nf7+ Kf4 61. Nd8 g3 62. Ne6+ Kg4 0-1

[Event "Manhem GM 2012"]
[Site "www.ssmanhem.se"]
[Date "2012.08.12"]
[Round "2"]
[White "Frisk Kockum, Anton"]
[Black "Henrichs, Thomas"]
[Result "1-0"]
[WhiteElo "2329"]
[BlackElo "2493"]
[PlyCount "107"]
[EventDate "2012.??.??"]
[SourceDate "2012.08.11"]

1. e4 e5 2. Nf3 Nc6 3. Bb5 a6 4. Ba4 Nf6 5. d4 exd4 6. O-O Be7 7. Re1 b5 8. e5
Nxe5 9. Rxe5 d6 10. Re1 bxa4 11. Nxd4 Bd7 12. Qf3 O-O 13. Nc6 Bxc6 14. Qxc6 Re8
15. Nc3 Qd7 16. Qxa4 Qxa4 17. Nxa4 Nd7 18. Bd2 Bf6 19. Kf1 Re6 20. Ba5 c6 21.
Rad1 Rae8 22. Rxd6 Rxe1+ 23. Bxe1 Ne5 24. Rd1 Nc4 25. b3 Na3 26. c4 Nc2 27. Bc3
Bxc3 28. Nxc3 h5 29. Ne2 a5 30. Rd6 a4 31. bxa4 Ra8 32. Rd2 Na3 33. Rd6 Nxc4
34. Rxc6 Nb2 35. Nc3 Nxa4 36. Nd5 Nb2 37. Rc8+ Rxc8 38. Ne7+ Kf8 39. Nxc8 Na4
40. Ke1 Nc3 41. a3 g6 42. Nb6 Ke7 43. a4 Kd6 44. Kd2 Ne4+ 45. Ke3 Nc5 46. a5 f6
47. Nc4+ Kd5 48. Nb2 g5 49. Nd3 Na6 50. f4 Nc7 51. Nf2 g4 52. Ne4 f5 53. Ng3
Kc4 54. Nxf5 1-0

[Event "Manhem GM 2012"]
[Site "www.ssmanhem.se"]
[Date "2012.08.12"]
[Round "2"]
[White "Tikkanen, Hans"]
[Black "Berg, Emanuel"]
[Result "1/2-1/2"]
[WhiteElo "2570"]
[BlackElo "2576"]
[PlyCount "88"]
[EventDate "2012.??.??"]
[SourceDate "2012.08.11"]

1. d4 e6 2. c4 d5 3. Nc3 c5 4. cxd5 exd5 5. Nf3 Nc6 6. g3 Nf6 7. Bg2 Be7 8. O-O
O-O 9. Bg5 c4 10. Ne5 Be6 11. b3 Qa5 (11... Bd7) 12. Qd2 Rad8 13. Rfd1 Nxe5 14.
dxe5 d4 15. Nd5 Rxd5 16. Qxa5 Rxa5 17. exf6 gxf6 18. Bh6 Rd8 19. Bxb7 Rb5 20.
Ba6 Rh5 21. Bf4 cxb3 22. axb3 Bxb3 23. Rdc1 Rc5 24. Rcb1 Be6 25. Bd3 a5 26. Bd2
Rdd5 27. Rb8+ Kg7 28. Be4 Re5 29. Bd3 Bf5 30. Ra8 Bxd3 31. exd3 Rc2 32. Bxa5
Ree2 33. Re8 Rxf2 34. Rxe7 Rg2+ 35. Kf1 Rxh2 36. Kg1 Rhg2+ 37. Kh1 Rh2+ 38. Kg1
Rcg2+ 39. Kf1 Rb2 40. Kg1 Rbg2+ 41. Kf1 Rb2 42. Kg1 Rhg2+ 43. Kh1 Rh2+ 44. Kg1
Rbg2+ 1/2-1/2

[Event "Manhem GM 2012"]
[Site "www.ssmanhem.se"]
[Date "2012.08.12"]
[Round "2"]
[White "Bejtovic, Jasmin"]
[Black "Welin, Mats"]
[Result "1-0"]
[WhiteElo "2393"]
[BlackElo "2270"]
[PlyCount "80"]
[EventDate "2012.??.??"]
[SourceDate "2012.08.11"]

1. c4 Nf6 2. Nf3 e6 3. g3 d5 4. cxd5 exd5 5. Bg2 Bd6 6. O-O O-O 7. b3 Bg4 8.
Bb2 Re8 9. d3 Nbd7 10. Nbd2 c6 11. h3 Bh5 12. Re1 a5 13. Qc2 a4 14. e4 dxe4 15.
dxe4 axb3 16. axb3 Rxa1 17. Bxa1 Bb4 18. Bc3 Qe7 19. Re3 Rd8 20. Qb2 Bxc3 21.
Qxc3 Ne8 22. Nh4 f6 23. Nc4 Bf7 24. Nf5 Qc5 25. Na5 Rb8 26. Qd2 Ne5 27. f4 Ng6
28. Kh2 Be6 29. Nd4 Bf7 30. Rd3 Ne7 31. b4 Qb6 32. Nf3 Kf8 33. h4 Be6 34. Nd4
Bf7 35. Bh3 Nd6 36. Ne6+ Bxe6 37. Bxe6 Nxe4 38. Nc4 Qc7 39. Qe3 f5 40. Rd7 Ke8
1-0

[Event "Manhem GM 2012"]
[Site "www.ssmanhem.se"]
[Date "2012.08.12"]
[Round "2"]
[White "Semcesen, Daniel"]
[Black "Nybäck, Tomi"]
[Result "1/2-1/2"]
[WhiteElo "2463"]
[BlackElo "2638"]
[PlyCount "56"]
[EventDate "2012.??.??"]
[SourceDate "2012.08.11"]

1. Nf3 Nf6 2. c4 g6 3. Nc3 d5 4. d4 Bg7 5. Bg5 Ne4 6. Bh4 Nxc3 7. bxc3 dxc4 8.
Qa4+ Qd7 9. Qxc4 b6 10. Qb3 Ba6 11. e3 Bxf1 12. Kxf1 O-O 13. Ke2 Nc6 14. Rhd1
Na5 15. Qb4 Rfe8 16. Rac1 Rac8 17. c4 Qg4 18. h3 Qe4 19. Qa4 e6 20. Kf1 c5 21.
dxc5 Qc6 22. Qxc6 Rxc6 23. cxb6 axb6 24. Nd2 Rec8 25. a4 h6 26. Be7 Bf8 27. Bf6
Bg7 28. Be7 Bf8 1/2-1/2

[Event "Manhem Elo 2012"]
[Site "?"]
[Date "2012.08.12"]
[Round "3"]
[White "Björkdahl, Daniel"]
[Black "Bergren Torell, Harald"]
[Result "0-1"]
[WhiteElo "1929"]
[BlackElo "2039"]
[PlyCount "88"]
[EventDate "2012.08.11"]
[SourceDate "2012.08.11"]

1. d4 d6 2. Nf3 g6 3. e3 f5 4. b3 Nf6 5. Bb2 e6 6. Bd3 b6 7. Nbd2 Bb7 8. c4
Nbd7 9. Qe2 Bg7 10. e4 O-O 11. O-O Ng4 12. h3 Nh6 13. e5 dxe5 14. Nxe5 Nxe5 15.
dxe5 c5 16. f4 Nf7 17. Nf3 Bh6 18. g3 g5 19. Rad1 Qe7 20. Bc1 Kh8 21. Kf2 Rg8
22. Rg1 Rg7 23. Bc2 Rag8 24. Nxg5 Bxg5 25. fxg5 Nxg5 26. Bxg5 Qxg5 27. Rd3 f4
28. g4 Qh4+ 29. Kf1 f3 30. Rxf3 Bxf3 31. Qxf3 Qh6 32. Qd3 Qf4+ 33. Ke1 Qxe5+
34. Qe4 Rg5 35. Kf2 Rf8+ 36. Kg2 Qxe4+ 37. Bxe4 Re5 38. Bc6 Re2+ 39. Kg3 e5 40.
Rd1 e4 41. Rd7 Re3+ 42. Kh4 h6 43. Kh5 Rf6 44. Bd5 Rxh3# 0-1

[Event "Manhem Elo 2012"]
[Site "?"]
[Date "2012.08.12"]
[Round "3"]
[White "Persson, Börje"]
[Black "Björkeroth, Johan"]
[Result "0-1"]
[WhiteElo "1946"]
[BlackElo "2001"]
[PlyCount "66"]
[EventDate "2012.08.11"]
[SourceDate "2012.08.11"]

1. e4 e5 2. Nf3 Nc6 3. Bb5 a6 4. Ba4 Nf6 5. O-O b5 6. Bb3 Bb7 7. c3 Nxe4 8. d4
exd4 9. Re1 d5 10. Nxd4 Ne7 11. f3 Nd6 12. f4 Qd7 13. a4 Ne4 14. axb5 axb5 15.
Rxa8+ Bxa8 16. Nxb5 Nf5 17. Nd4 Bc5 18. Ba4 Bc6 19. Bxc6 Qxc6 20. Be3 Bxd4 21.
Bxd4 O-O 22. Nd2 Nfd6 23. Nxe4 Nxe4 24. Qg4 f6 25. g3 Kh8 26. Qe2 Qa4 27. Qd1
Qb5 28. Qe2 Qa4 29. Qd1 Qa2 30. Qa1 Qc4 31. Qd1 c5 32. Bf2 Rb8 33. Qe2 Qa2 0-1

[Event "Manhem Elo 2012"]
[Site "?"]
[Date "2012.08.12"]
[Round "3"]
[White "Gromark, Per-Olof"]
[Black "Ljunggren, Jacob"]
[Result "1-0"]
[WhiteElo "1955"]
[BlackElo "1973"]
[PlyCount "62"]
[EventDate "2012.08.11"]
[SourceDate "2012.08.11"]

1. Nf3 Nf6 2. c4 e6 3. Nc3 b6 4. g3 Bb7 5. Bg2 Bb4 6. Qc2 O-O 7. O-O Re8 8. a3
Bf8 9. e4 d6 10. d4 e5 11. d5 g6 12. h3 a5 13. Be3 Nbd7 14. b4 Ba6 15. Nd2 Bc8
16. Nb3 Bg7 17. Rfc1 Rf8 18. c5 axb4 19. axb4 Rxa1 20. Rxa1 bxc5 21. bxc5 Nxe4
22. Nxe4 f5 23. Ng5 Nxc5 24. Nxc5 dxc5 25. Ra8 e4 26. Bf1 Bd4 27. Ne6 Qd6 28.
Nxf8 Bxe3 29. Rxc8 Qxg3+ 30. Bg2 f4 31. Qb2 Bxf2+ 1-0

[Event "Manhem GM 2012"]
[Site "www.ssmanhem.se"]
[Date "2012.08.12"]
[Round "3"]
[White "Berg, Emanuel"]
[Black "Frisk Kockum, Anton"]
[Result "1-0"]
[WhiteElo "2576"]
[BlackElo "2329"]
[PlyCount "129"]
[EventDate "2012.??.??"]
[TimeControl "6000+1175"]
[WhiteClock "1:27:33"]
[BlackClock "0:00:32"]

1. e4 c5 2. Nf3 Nc6 3. Bb5 g6 4. Bxc6 dxc6 5. h3 Bg7 6. d3 b6 7. O-O Nh6 8. Nc3
f6 9. Be3 Nf7 10. Qd2 O-O 11. Nh2 e5 12. Rae1 Be6 13. b3 Qd7 14. f4 Rae8 15.
Nf3 exf4 16. Bxf4 f5 17. exf5 Bxf5 18. Rxe8 Rxe8 19. Re1 h6 20. Rxe8+ Qxe8 21.
Nd1 g5 22. Bg3 Bg6 23. Ne3 Qe6 24. Nc4 b5 25. Qe3 Qxe3+ 26. Nxe3 a6 27. Bc7 Bf8
28. Kf1 Be7 29. Ke2 Kf8 30. c4 h5 31. Nd2 Ke8 32. Bb8 Kd7 33. Ne4 Kc8 34. Bh2
Kd7 35. Bb8 Kc8 36. Bh2 Kd7 37. Nf1 Ke6 38. Nfd2 Ne5 39. Bg1 g4 40. hxg4 hxg4
41. Bxc5 bxc4 42. bxc4 Bd8 43. Bf2 Be7 44. Bc5 Bd8 45. Ke3 Bc7 46. Nb3 g3 47.
Bd4 Ng4+ 48. Ke2 Bh5 49. Nbc5+ Kf5 50. Kf1 a5 51. a4 Bf4 52. Nb3 Ne5 53. Nec5
Ng4 54. Nxa5 Nh2+ 55. Kg1 Be2 56. Nab3 Kg4 57. a5 Nf3+ 58. gxf3+ Kh3 59. Ne4
Bxd3 60. a6 Bxe4 61. fxe4 g2 62. Kf2 Kh2 63. Kf3 c5 64. Bxc5 Kh1 65. Kxf4 1-0

[Event "Manhem GM 2012"]
[Site "www.ssmanhem.se"]
[Date "2012.08.12"]
[Round "3"]
[White "Nybäck, Tomi"]
[Black "Rozentalis, Eduardas"]
[Result "1/2-1/2"]
[WhiteElo "2638"]
[BlackElo "2585"]
[PlyCount "60"]
[EventDate "2012.??.??"]
[TimeControl "6000+1265"]
[WhiteClock "0:25:11"]
[BlackClock "1:30:30"]

1. d4 Nf6 2. c4 e6 3. Nf3 b6 4. g3 Bb7 5. Bg2 Be7 6. Nc3 Ne4 7. Bd2 Nxc3 8.
Bxc3 Be4 9. O-O O-O 10. Bh3 Bxf3 11. exf3 d5 12. f4 Nd7 13. f5 exf5 14. Bxf5
Nf6 15. Re1 c6 16. Qa4 Qc7 17. Rac1 dxc4 18. Qxc4 b5 19. Qd3 g6 20. Bh3 Nd5 21.
Bd2 Rad8 22. Bg2 Bf6 23. Bh6 Bg7 24. Bxg7 Kxg7 25. a3 Rd6 26. Rc5 Qd7 27. Rec1
Rd8 28. Bxd5 Rxd5 29. Rxc6 Qg4 30. Rc7 Rxd4 1/2-1/2

[Event "Manhem GM 2012"]
[Site "www.ssmanhem.se"]
[Date "2012.08.12"]
[Round "3"]
[White "Henrichs, Thomas"]
[Black "Bejtovic, Jasmin"]
[Result "1-0"]
[WhiteElo "2493"]
[BlackElo "2393"]
[PlyCount "83"]
[EventDate "2012.??.??"]
[TimeControl "6000+690"]
[WhiteClock "1:30:18"]
[BlackClock "0:38:43"]

1. d4 d5 2. c4 e6 3. Nf3 c5 4. cxd5 exd5 5. Nc3 Nc6 6. dxc5 d4 7. Na4 Bxc5 8.
Nxc5 Qa5+ 9. Bd2 Qxc5 10. Rc1 Qb6 11. e3 dxe3 12. Bxe3 Qa5+ 13. Bd2 Qd8 14. Bc4
Nf6 15. Qe2+ Qe7 16. Qxe7+ Kxe7 17. O-O Be6 18. Rfe1 Rhd8 19. Bc3 Rd6 20. Ng5
h6 21. Nxe6 fxe6 22. b4 Kf7 23. b5 Nd8 24. Be5 Rd7 25. Bb3 a6 26. b6 Nd5 27. f4
g6 28. Ba4 Nc6 29. Rxc6 bxc6 30. Bxc6 Nxb6 31. Rb1 Rc8 32. Rxb6 Rd1+ 33. Kf2
Rd2+ 34. Kg3 Rxa2 35. Bd7 Ra3+ 36. Kg4 Rc2 37. Bxe6+ Ke8 38. Bd5 g5 39. Kf5 Ra5
40. Rb8+ Kd7 41. Be6+ Ke7 42. Rb7+ 1-0

[Event "Manhem GM 2012"]
[Site "www.ssmanhem.se"]
[Date "2012.08.12"]
[Round "3"]
[White "Nithander, Victor"]
[Black "Tikkanen, Hans"]
[Result "1/2-1/2"]
[WhiteElo "2438"]
[BlackElo "2570"]
[PlyCount "67"]
[EventDate "2012.??.??"]
[TimeControl "6000+1150"]
[WhiteClock "1:30:27"]
[BlackClock "0:00:17"]

1. c4 e5 2. g3 Nf6 3. Bg2 d5 4. cxd5 Nxd5 5. Nc3 Be6 6. Nf3 Nc6 7. O-O Nb6 8.
d3 Be7 9. Be3 O-O 10. Rc1 Re8 11. a3 f6 12. Ne4 a5 13. Bc5 Nd7 14. Bxe7 Qxe7
15. d4 Rad8 16. e3 Kh8 17. Re1 Nb6 18. Nc5 Bc8 19. Qb3 exd4 20. exd4 Qd6 21.
Red1 Qd5 22. Qc3 Qh5 23. Nh4 Nd5 24. Qb3 b6 25. Bf3 Qh6 26. Qa4 Nce7 27. Nd3
Ba6 28. Nb4 Bb7 29. Nxd5 Nxd5 30. Re1 Rf8 31. Rc2 g6 32. Rce2 Qg7 33. Qb3 Qd7
34. Bg2 1/2-1/2

[Event "Manhem GM 2012"]
[Site "www.ssmanhem.se"]
[Date "2012.08.12"]
[Round "3"]
[White "Welin, Mats"]
[Black "Semcesen, Daniel"]
[Result "1-0"]
[WhiteElo "2270"]
[BlackElo "2463"]
[PlyCount "91"]
[EventDate "2012.??.??"]
[TimeControl "6000+2015"]
[WhiteClock "1:30:19"]
[BlackClock "0:21:58"]

1. e4 e5 2. Nf3 Nc6 3. Bb5 a6 4. Ba4 Nf6 5. O-O Be7 6. Re1 b5 7. Bb3 d6 8. c3
O-O 9. h3 a5 10. d4 a4 11. Bc2 Bd7 12. Nbd2 Re8 13. Nf1 h6 14. Ng3 Bf8 15. Nh2
Na5 16. f4 Nc4 17. Qf3 c5 18. fxe5 dxe5 19. d5 Nd6 20. Rf1 Be7 21. Rb1 Rc8 22.
b3 axb3 23. axb3 Nh7 24. Ra1 Qc7 25. Nh5 Kh8 26. Qg3 Bf8 27. Nf3 Re7 28. Nxe5
Nxe4 29. Nxf7+ Rxf7 30. Qxc7 Rxf1+ 31. Kxf1 Rxc7 32. Bxe4 Ng5 33. Bc2 c4 34.
Ra8 Kg8 35. Ba3 Rc8 36. Rxc8 Bxc8 37. Bxf8 Kxf8 38. bxc4 bxc4 39. Kf2 Bb7 40.
Nf4 Ke7 41. Ke3 Kd6 42. Kd4 Nf7 43. Be4 g5 44. Nh5 Bc8 45. Ng3 g4 46. h4 1-0

[Event "Manhem GM 2012"]
[Site "www.ssmanhem.se"]
[Date "2012.08.13"]
[Round "4"]
[White "Bejtovic, Jasmin"]
[Black "Berg, Emanuel"]
[Result "1/2-1/2"]
[WhiteElo "2393"]
[BlackElo "2576"]
[PlyCount "93"]
[EventDate "2012.??.??"]

1. c4 f5 2. Nc3 Nf6 3. g3 g6 4. Bg2 Bg7 5. d3 d6 6. Nf3 O-O 7. O-O Nc6 8. Rb1
a5 9. a3 h6 10. b4 axb4 11. axb4 e5 12. b5 Ne7 13. Bb2 Be6 14. Nd2 Rb8 15. Ra1
c6 16. e3 g5 17. Qc2 Qd7 18. Ra7 c5 19. d4 cxd4 20. exd4 exd4 21. Ne2 f4 22.
Nxd4 Bh3 23. Ra3 Bxg2 24. Kxg2 Rf7 25. Re1 Ng4 26. N2f3 Ne5 27. Nxe5 Bxe5 28.
f3 g4 29. fxg4 fxg3 30. hxg3 Rbf8 31. Nf5 Nxf5 32. Bxe5 dxe5 33. gxf5 Rxf5 34.
Rae3 Qf7 35. Qe4 Rf2+ 36. Kh3 Rf5 37. Qd5 Qxd5 38. cxd5 Rd8 39. g4 Rg5 40. Rxe5
Rxd5 41. Re8+ Kh7 42. R8e7+ Rg7 43. Rxg7+ Kxg7 44. Re7+ Kf6 45. Rxb7 Kg5 46.
Rg7+ Kf6 47. Rb7 1/2-1/2

[Event "Manhem GM 2012"]
[Site "www.ssmanhem.se"]
[Date "2012.08.13"]
[Round "4"]
[White "Semcesen, Daniel"]
[Black "Rozentalis, Eduardas"]
[Result "1/2-1/2"]
[WhiteElo "2463"]
[BlackElo "2585"]
[PlyCount "82"]
[EventDate "2012.??.??"]

1. d4 Nf6 2. c4 e6 3. Nc3 Bb4 4. Qc2 d5 5. cxd5 Qxd5 6. e3 c5 7. Bd2 Bxc3 8.
Bxc3 cxd4 9. Bxd4 Nc6 10. Bc3 e5 11. Nf3 Bg4 12. Be2 O-O 13. O-O Rac8 14. Rfd1
Qc5 15. Qa4 a6 16. Rac1 Qe7 17. h3 Bh5 18. g4 Bg6 19. Qa3 Qxa3 20. bxa3 Ne4 21.
Be1 f6 22. Nh4 Rfd8 23. Nxg6 hxg6 24. Rxd8+ Rxd8 25. f3 Ng5 26. h4 Nf7 27. Kf2
Rd6 28. a4 g5 29. h5 Kf8 30. Bc4 Nfd8 31. Ke2 Ne6 32. Bd3 Ke7 33. Be4 Kd8 34.
a3 Kd7 35. Bd2 b6 36. Bb4 Nxb4 37. axb4 Kd8 38. Bb7 a5 39. bxa5 bxa5 40. Rc8+
Ke7 41. Be4 Rd8 1/2-1/2

[Event "Manhem GM 2012"]
[Site "www.ssmanhem.se"]
[Date "2012.08.13"]
[Round "4"]
[White "Tikkanen, Hans"]
[Black "Nybäck, Tomi"]
[Result "1/2-1/2"]
[WhiteElo "2570"]
[BlackElo "2638"]
[PlyCount "93"]
[EventDate "2012.??.??"]

1. d4 Nf6 2. c4 g6 3. Nf3 Bg7 4. e3 c5 5. d5 O-O 6. Nc3 d6 7. Be2 e6 8. O-O
exd5 9. cxd5 Bg4 10. h3 Bxf3 11. Bxf3 a6 12. a4 Nbd7 13. Be2 Re8 14. Qc2 Qe7
15. a5 b5 16. axb6 Nxb6 17. Rd1 c4 18. Ra5 Nfd7 19. Na4 Rec8 20. Nxb6 Nxb6 21.
Bd2 Qc7 22. Bc3 Nd7 23. Rda1 Bxc3 24. bxc3 Qb6 25. R5a4 Ne5 26. Qa2 Rc5 27. Rb1
Qa7 28. Qd2 a5 29. Qd4 Rb8 30. Rba1 Qc7 31. f4 Nd3 32. Bxd3 cxd3 33. R4a3 Rbb5
34. e4 Qb6 35. Kh2 Rb1 36. Qxd3 Rxa1 37. Rxa1 Qb2 38. Rb1 Qxc3 39. Qxc3 Rxc3
40. Rb6 Re3 41. e5 dxe5 42. d6 Kg7 43. Rb8 Rd3 44. fxe5 a4 45. Ra8 a3 46. Ra7
Rd5 47. e6 1/2-1/2

[Event "Manhem Elo 2012"]
[Site "?"]
[Date "2012.08.13"]
[Round "4"]
[White "Berggren Torell, Harald"]
[Black "Gromark, Per-Olof"]
[Result "1-0"]
[WhiteElo "2039"]
[BlackElo "2117"]
[PlyCount "65"]
[EventDate "2012.??.??"]
[SourceDate "2012.08.11"]

1. e4 e5 2. Nf3 Nc6 3. Bc4 Bc5 4. O-O Nf6 5. d4 Bxd4 6. Nxd4 exd4 7. e5 d5 8.
exf6 dxc4 9. fxg7 Rg8 10. Re1+ Be6 11. Qh5 Qf6 12. Bg5 Qg6 13. Qxg6 hxg6 14.
Bf6 Nb4 15. Na3 c5 16. c3 Nd5 17. Be5 Kd7 18. cxd4 f6 19. Bg3 cxd4 20. Rad1 d3
21. Nxc4 Nb4 22. Nd6 Nc2 23. Rf1 Nd4 24. Rxd3 Ne2+ 25. Kh1 Nxg3+ 26. fxg3 Ke7
27. Nb5 Kf7 28. Re1 Rad8 29. Rde3 Rge8 30. Nc7 Re7 31. Nxe6 Rde8 32. Ng5+ fxg5
33. Rxe7+ 1-0